|
|
|
|
| LEADER |
01099nam a22003377i 4500 |
| 001 |
001861742 |
| 003 |
CZ BrMZK |
| 005 |
20230612092809.0 |
| 007 |
ta |
| 008 |
230612s1922 au a er|||||||||||ger d |
| 040 |
|
|
|a BOA001
|b cze
|e rda
|
| 080 |
|
|
|a 669.055
|2 MRF
|
| 080 |
|
|
|a 546.3
|2 MRF
|
| 080 |
|
|
|a (035)
|2 MRF
|
| 100 |
1 |
|
|a Krupp, Arthur,
|d 1856-1938
|7 xx0265722
|4 aut
|
| 245 |
1 |
4 |
|a Die Legierungen :
|b Handbuch für Praktiker /
|c A. Krupp
|
| 250 |
|
|
|a Vierte, erweiterte, vermehrte und vollständig umgearbeitete Auflage
|
| 264 |
|
1 |
|a Wien ;
|a Leipzig
|b A. Hartleben's Verlag,
|c 1922
|
| 300 |
|
|
|a viii, 501 stran :
|b ilustrace ;
|c 18 cm
|
| 336 |
|
|
|a text
|b txt
|2 rdacontent
|
| 337 |
|
|
|a bez média
|b n
|2 rdamedia
|
| 338 |
|
|
|a svazek
|b nc
|2 rdacarrier
|
| 500 |
|
|
|a Obsahuje rejstřík
|
| 546 |
|
|
|a Tištěno švabachem
|
| 650 |
0 |
7 |
|a slitiny
|7 ph125638
|2 czenas
|
| 655 |
|
7 |
|a příručky
|7 fd133209
|2 czenas
|
| 910 |
|
|
|a BOA001
|b 1-0052.037,52
|
| 990 |
|
|
|a BK
|
| 993 |
|
|
|a Y
|
| 991 |
|
|
|b 202305
|
| 996 |
6 |
|
|b 2618746865
|c 1-0052.037,52
|l MZK
|r Sklad / do 1 hodiny
|n 0
|w 001928759
|u 000010
|a 1
|e BOA001
|j MZK50
|s P
|